[Event "Leon 83/522"]
[Site "?"]
[Date "2001.??.??"]
[Round "?"]
[White "Ivanchuk, V."]
[Black "Sturua, Z."]
[Result "1/2-1/2"]
[WhiteElo "2731"]
[BlackElo "2571"]
[PlyCount "82"]
[EventDate "2001.??.??"]
[Source "Chess Informant"]
[SourceDate "2001.10.01"]

1. d4 Nf6 2. c4 e6 3. Nc3 Bb4 4. f3 d5 5. a3 Bxc3+ 6. bxc3 c5 7. cxd5 Nxd5 8. dxc5 f5 9. e4 fxe4 10. Qc2 e3 11. Bd3 Nd7 12. g3 Qf6 13. Ne2 Qxf3 14. Rf1 Qh5 15. Nf4 Nxf4 16. Rxf4 Nxc5 17. Bxe3 Nxd3+ 18. Qxd3 Bd7 19. Rd1 Bb5 20. c4 Ba4 21. Rd2 Rf8 22. Qe4 Rxf4 23. Bxf4 Qc5 24. Kf1 Qf5 25. Qxb7 Rd8 26. Rxd8+ Kxd8 27. Qb8+ Ke7 28. Qb4+ Kf6 29. Qxa4 g5 30. c5 Qd3+ 31. Kf2 gxf4 32. Qxf4+ Ke7 33. Qc7+ Kf6 34. Qf4+ Ke7 35. Qd6+ Qxd6 36. cxd6+ Kxd6 37. Ke3 Ke5 38. g4 Kf6 39. Kf4 e5+ 40. Ke4 Kg5 41. h3 Kh4 1/2-1/2

[Event "Manila (ol)"]
[Site "?"]
[Date "1992.??.??"]
[Round "?"]
[White "Shirov, A."]
[Black "Huebner, R."]
[Result "1-0"]
[WhiteElo "2655"]
[BlackElo "2615"]
[PlyCount "101"]
[EventDate "1992.??.??"]
[Source "ChessBase"]
[SourceDate "1992.06.01"]

1. d4 Nf6 2. c4 e6 3. Nc3 Bb4 4. f3 d5 5. a3 Bxc3+ 6. bxc3 c5 7. cxd5 Nxd5 8. Qd3 b6 9. e4 Ba6 10. Qd2 Bxf1 11. Kxf1 Ne7 12. Ne2 O-O 13. a4 Nbc6 14. dxc5 Qc7 15. Qd6 Qb7 16. Kf2 Rad8 17. Qg3 Ng6 18. Be3 f5 19. exf5 exf5 20. Rhd1 bxc5 21. Bxc5 Rfe8 22. Rxd8 Rxd8 23. Qg5 Rd5 24. Bd4 Nxd4 25. cxd4 Qb6 26. Rc1 h6 27. Rc8+ Kf7 28. Qc1 Ne7 29. Qc4 Qe6 30. Rb8 Rd6 31. Qb5 Qd7 32. Rb7 Qxb5 33. axb5 Rb6 34. Rxb6 axb6 35. Nc3 Nc8 36. Ke3 Ke6 37. d5+ Ke5 38. f4+ Kd6 39. Kd4 Ne7 40. h4 g6 41. Kc4 Nc8 42. Kd4 Ne7 43. Kc4 Nc8 44. Na4 Kc7 45. Kd4 Nd6 46. Ke5 Nxb5 47. h5 gxh5 48. Kxf5 Kd6 49. Nxb6 h4 50. Kg6 Kc5 51. f5 1-0

[Event "Manila (ol)"]
[Site "?"]
[Date "1992.??.??"]
[Round "?"]
[White "Shirov, A."]
[Black "Georgiev, Ki"]
[Result "0-1"]
[WhiteElo "2655"]
[BlackElo "2605"]
[PlyCount "80"]
[EventDate "1992.??.??"]
[Source "ChessBase"]
[SourceDate "1992.06.01"]

1. d4 Nf6 2. c4 e6 3. Nc3 Bb4 4. f3 d5 5. a3 Bxc3+ 6. bxc3 c5 7. cxd5 Nxd5 8. Qd3 O-O 9. e4 Ne7 10. f4 Qa5 11. Bd2 Qa4 12. Qb1 Bd7 13. Nf3 Bc6 14. Bd3 Nd7 15. O-O h6 16. f5 cxd4 17. cxd4 Kh8 18. Bb4 Rae8 19. fxe6 fxe6 20. Qb2 Rf4 21. Rfe1 Ng6 22. Bd6 Rf6 23. e5 Rf5 24. Bxf5 exf5 25. e6 Nf6 26. Ne5 Kh7 27. Nxg6 Kxg6 28. Rac1 Ne4 29. Be5 Rxe6 30. Bxg7 Qa5 31. Be5 Qd5 32. Rf1 h5 33. Rf4 Bb5 34. h3 Bc4 35. Qb4 b5 36. Qf8 Rxe5 37. dxe5 Qd4+ 38. Kh2 Qxe5 39. g3 Qb2+ 40. Kg1 Qxc1+ 0-1

[Event "Bastia FRA, Corsica Masters 2005"]
[Site "?"]
[Date "2002.11.01"]
[Round "1"]
[White "Milov Vadim"]
[Black "Almasi Zoltan"]
[Result "1-0"]
[WhiteElo "2503"]
[BlackElo "2755"]
[PlyCount "135"]
[EventDate "2002.??.??"]
[Source "www.chesslib.no"]
[SourceDate "2004.05.04"]

1. d4 Nf6 2. c4 e6 3. Nc3 Bb4 4. f3 d5 5. a3 Bxc3+ 6. bxc3 c5 7. cxd5 Nxd5 8. dxc5 Qa5 9. e4 Nf6 10. Be3 O-O 11. Kf2 Rd8 12. Qb3 Nfd7 13. Bb5 Qc7 14. Qb4 Nc6 15. Bxc6 bxc6 16. Rd1 Ne5 17. Rxd8+ Qxd8 18. Qd4 Nd3+ 19. Kg3 Qc7+ 20. Qd6 Qxd6+ 21. cxd6 Ba6 22. Ne2 e5 23. Nc1 Nxc1 24. Rxc1 f6 25. Rd1 Kf7 26. d7 Rd8 27. Rd6 Bb5 28. Bxa7 Ke7 29. Bc5 Rxd7 30. Rxc6+ Kf7 31. Rb6 Bc4 32. a4 Rd2 33. Rb7+ Kg8 34. Rb4 Bf1 35. Bf2 Rc2 36. Rb1 Bd3 37. Rb3 Ra2 38. Rb4 Bc2 39. Rb8+ Kf7 40. Rb7+ Kg8 41. c4 Rxa4 42. c5 Rc4 43. h4 h5 44. Be3 Bd3 45. Rb3 Be2 46. Rb2 Bd3 47. Rd2 Bc2 48. Rd6 Ba4 49. Ra6 Bb5 50. Rb6 Ba4 51. Kf2 Rc2+ 52. Ke1 Rxg2 53. Bf2 Rh2 54. Kf1 Rh1+ 55. Bg1 Rxh4 56. c6 Rf4 57. Kg2 Bd1 58. Be3 Bxf3+ 59. Kf2 Rxe4 60. Kxf3 Rc4 61. Rb8+ Kh7 62. Rc8 g5 63. c7 g4+ 64. Ke2 g3 65. Bb6 g2 66. Kf2 Rc2+ 67. Kg1 h4 68. Rf8 1-0

[Event "Hastings"]
[Site "?"]
[Date "1991.??.??"]
[Round "?"]
[White "Shirov, A."]
[Black "Chandler, M."]
[Result "1-0"]
[WhiteElo "2610"]
[BlackElo "2605"]
[PlyCount "65"]
[EventDate "1991.??.??"]
[Source "ChessBase"]
[SourceDate "1991.10.01"]

1. d4 Nf6 2. c4 e6 3. Nc3 Bb4 4. f3 d5 5. a3 Bxc3+ 6. bxc3 c5 7. cxd5 Nxd5 8. Qd3 O-O 9. e4 Ne7 10. f4 b6 11. Qe3 Ba6 12. Bxa6 Nxa6 13. Nf3 cxd4 14. cxd4 Nc7 15. a4 f5 16. Ba3 fxe4 17. Qxe4 Qd5 18. Qc2 Qa5+ 19. Qd2 Qxa4 20. O-O Qe8 21. Rae1 h6 22. d5 Nexd5 23. Bxf8 Qxf8 24. Nd4 Qd6 25. Rc1 Rf8 26. Nc6 a5 27. Ne5 Rd8 28. Rc6 Qb4 29. Qe1 Qd4+ 30. Kh1 Nxf4 31. Nf3 Qd3 32. Rxc7 Ne2 33. Qa1 1-0

[Event "Muenster Open"]
[Site "Muenster GER"]
[Date "1995.??.??"]
[Round "7"]
[White "Malaniuk, Vladimir P"]
[Black "Piskov, Yury"]
[Result "1/2-1/2"]
[WhiteElo "2615"]
[BlackElo "2540"]
[PlyCount "30"]
[EventDate "1995.??.??"]
[Source "www.chesslib.no"]
[SourceDate "2004.05.04"]

1. d4 Nf6 2. c4 e6 3. Nc3 Bb4 4. f3 d5 5. a3 Bxc3+ 6. bxc3 c5 7. cxd5 Nxd5 8. dxc5 Qa5 9. e4 Nf6 10. Be3 Nfd7 11. Qd4 O-O 12. Qb4 Qc7 13. a4 Nc6 14. Qa3 Na5 15. Nh3 b6 1/2-1/2

[Event "USSR (ch)"]
[Site "?"]
[Date "1988.??.??"]
[Round "?"]
[White "Malaniuk, V."]
[Black "Sokolov, A."]
[Result "0-1"]
[WhiteElo "2520"]
[BlackElo "2600"]
[PlyCount "70"]
[EventDate "1988.??.??"]
[Source "ChessBase"]
[SourceDate "1988.07.01"]

1. d4 Nf6 2. c4 e6 3. Nc3 Bb4 4. f3 d5 5. a3 Bxc3+ 6. bxc3 c5 7. cxd5 Nxd5 8. Qd3 cxd4 9. cxd4 Nc6 10. e4 Nb6 11. Be3 O-O 12. Nh3 f5 13. Be2 fxe4 14. fxe4 e5 15. dxe5 Qxd3 16. Bxd3 Nxe5 17. Bc2 Bxh3 18. gxh3 Rf3 19. Ke2 Nbc4 20. Bf2 Raf8 21. Bd4 Rxh3 22. a4 b6 23. Rab1 Nc6 24. Bf2 Rhf3 25. Bg1 Rc3 26. Bb3 N6a5 27. Bd1 Rf4 28. e5 Nxe5 29. Bf2 Nac4 30. Bb3 Re4+ 31. Kd1 Rd3+ 32. Kc1 Re2 33. Be1 g6 34. h4 h5 35. Bd1 Rc3+ 0-1

[Event "Aeroflot"]
[Site "?"]
[Date "2003.??.??"]
[Round "?"]
[White "Ehlvest Jaan"]
[Black "Korobov Anton"]
[Result "0-1"]
[WhiteElo "2600"]
[BlackElo "2509"]
[PlyCount "52"]
[EventDate "2003.??.??"]
[Source "www.chesslib.no"]
[SourceDate "2004.05.04"]

1. d4 Nf6 2. c4 e6 3. Nc3 Bb4 4. f3 d5 5. a3 Bxc3+ 6. bxc3 c5 7. cxd5 Nxd5 8. dxc5 Qa5 9. e4 Ne7 10. Be3 Qxc3+ 11. Kf2 Nbc6 12. Ne2 Qa5 13. Nd4 O-O 14. Nb5 f5 15. Qc2 fxe4 16. Qxe4 Nd5 17. Nd6 Nf6 18. Qc2 Nd5 19. Be2 b6 20. Nxc8 Nxe3 21. Kxe3 Raxc8 22. Bd3 Ne5 23. Bxh7+ Kh8 24. Be4 Rxc5 25. Qd1 Rc3+ 26. Kf2 Ng4+ 0-1